illustrated classics collection: (Record no. 9369)

MARC details
000 -LEADER
fixed length control field 00928nam a22001937a 4500
003 - CONTROL NUMBER IDENTIFIER
control field OSt
005 - DATE AND TIME OF LATEST TRANSACTION
control field 20260413015002.0
008 - FIXED-LENGTH DATA ELEMENTS--GENERAL INFORMATION
fixed length control field 260413b |||||||| |||| 00| 0 eng d
040 ## - CATALOGING SOURCE
Original cataloging agency DWCL GS lib
Transcribing agency OC
082 ## - DEWEY DECIMAL CLASSIFICATION NUMBER
Classification number Fic. W671p 2012
100 ## - MAIN ENTRY--PERSONAL NAME
Personal name Wilde, Oscar
245 ## - TITLE STATEMENT
Title illustrated classics collection:
Remainder of title the picture of dorian gray
Statement of responsibility, etc. Oscar Wilde
260 ## - PUBLICATION, DISTRIBUTION, ETC.
Place of publication, distribution, etc. Manila, Philippines
Name of publisher, distributor, etc. Lampara Publishing House
Date of publication, distribution, etc. c2012
300 ## - PHYSICAL DESCRIPTION
Extent 127
Other physical details colored illustrations
Dimensions 19cm
520 ## - SUMMARY, ETC.
Summary, etc. The Picture of Dorian Gray is a gothic novel about a beautiful young man who wishes his portrait to age and bear his sins, while he stays forever young. Under Lord Henry Wotton’s influence, Dorian lives a hedonistic life, causing the painting to grow grotesque as he commits cruel acts and murders his friend.
546 ## - LANGUAGE NOTE
Language note English
700 ## - ADDED ENTRY--PERSONAL NAME
Personal name Wilde Oscar
942 ## - ADDED ENTRY ELEMENTS (KOHA)
Source of classification or shelving scheme Dewey Decimal Classification
Koha item type Fiction
Classification part Fic. W671p 2012
Suppress in OPAC No
952 ## - LOCATION AND ITEM INFORMATION (KOHA)
--
Holdings
Withdrawn status Lost status Source of classification or shelving scheme Damaged status Not for loan Home library Current library Shelving location Date acquired Source of acquisition Total Checkouts Full call number Barcode Date last seen Price effective from Koha item type Uniform Resource Identifier
    Dewey Decimal Classification     Grade School Library Grade School Library Fiction 04/13/2026 School Fund, Donation   Fic. W671p 2012 22853 04/13/2026 04/13/2026 FIC.